[Event "Barcelona Holy Week"]
[Site "Barcelona"]
[Date "2024.03.28"]
[Round "1"]
[White "Ribera Veganzones, Josep Maria"]
[Black "Ryan, Joseph"]
[Result "1-0"]
[WhiteElo "2192"]
[BlackElo "2240"]
[PlyCount "101"]
[EventDate "2024.03.28"]
[EventType "tourn"]
[EventRounds "9"]
[EventCountry "ESP"]
[SourceTitle "CB14_2024"]
[SourceDate "2024.04.01"]
[SourceVersion "1"]
[SourceVersionDate "2024.04.01"]
[SourceQuality "1"]

1. e4 e5 2. Nf3 Nc6 3. Bc4 Bc5 4. c3 Nf6 5. d3 d6 6. 0-0 a6 7. a4 Ba7 8. Re1 h6 9. b4 0-0 10. h3 Be6 11. Bxe6 fxe6 12. Qb3 Qe8 13. Nbd2 Nh5 14. b5 Nd8 15. bxa6 bxa6 16. d4 Nc6 17. Qc4 exd4 18. cxd4 Kh8 19. Ra3 Bb6 20. Bb2 Nf4 21. g3 d5 22. exd5 Nxd5 23. Qe2 Qh5 24. Qxe6 Rf6 25. Qe4 Raf8 26. Kg2 Ba5 27. Re2 Bb4 28. Rb3 Qf7 29. Ba3 Bxa3 30. Rxa3 Ncb4 31. Kg1 Qh5 32. Ne5 Qe8 33. Ndf3 a5 34. Nh4 Kg8 35. Nhg6 Rxg6 36. Nxg6 Qxe4 37. Rxe4 Rf6 38. Ne7+ Nxe7 39. Rxe7 Rc6 40. Rf3 Nd5 41. Re8+ Kh7 42. Rf5 Rc1+ 43. Kg2 c6 44. Ra8 Rc4 45. Rxa5 Rxd4 46. Ra6 Nb4 47. Rb6 Nd5 48. Ra6 Kg6 49. Rf3 Nb4 50. Rb6 Rc4 51. Rf4 1-0

[Event "EU Small Countries blitz op 8th"]
[Site "St Helier"]
[Date "2023.11.02"]
[Round "8"]
[White "Pace, Colin"]
[Black "Ribera Veganzones, Josep Maria"]
[Result "0-1"]
[WhiteElo "2068"]
[BlackElo "2041"]
[PlyCount "64"]
[EventDate "2023.11.02"]
[EventType "swiss (blitz)"]
[EventRounds "11"]
[EventCountry "GCI"]
[SourceTitle "CB46_2023"]
[SourceDate "2023.11.15"]
[SourceVersion "1"]
[SourceVersionDate "2023.11.15"]
[SourceQuality "1"]

1. e4 c5 2. Nf3 Nc6 3. d4 cxd4 4. Nxd4 Nf6 5. Nc3 e5 6. Ndb5 d6 7. Bg5 a6 8. Na3 b5 9. Nd5 Be7 10. Bxf6 Bxf6 11. c3 0-0 12. Nc2 Rb8 13. a4 bxa4 14. Ncb4 Nxb4 15. Nxb4 Bb7 16. Rxa4 a5 17. Nc2 Bc6 18. Ra2 Bxe4 19. Ne3 Bc6 20. Bc4 Bg5 21. 0-0 Bxe3 22. fxe3 d5 23. Bd3 Qb6 24. Qe2 a4 25. Kh1 e4 26. Bc2 Bb5 27. Qf2 Bxf1 28. Qxf1 Qxe3 29. Bxa4 Qd2 30. Bc6 e3 31. Ra1 Rxb2 32. Rd1 e2 0-1

[Event "Alicante Easter op 7th"]
[Site "La Nucia"]
[Date "2023.04.06"]
[Round "3"]
[White "Ribera Veganzones, Josep Maria"]
[Black "Espinosa Aranda, Angel"]
[Result "0-1"]
[WhiteElo "2221"]
[BlackElo "2429"]
[PlyCount "58"]
[EventDate "2023.04.05"]
[EventType "swiss"]
[EventRounds "9"]
[EventCountry "ESP"]
[SourceTitle "CBM 213 Extra"]
[Source "ChessBase"]
[SourceDate "2023.05.31"]
[SourceVersion "1"]
[SourceVersionDate "2023.05.31"]
[SourceQuality "1"]

1. e4 e6 2. d4 d5 3. Nd2 c5 4. exd5 Qxd5 5. dxc5 Nf6 6. Ngf3 Qxc5 7. Bd3 Nbd7 8. 0-0 Qc7 9. a3 Nc5 10. Bb5+ Bd7 11. Bxd7+ Ncxd7 12. c4 a5 13. b3 Be7 14. Bb2 0-0 15. Qe2 Rfd8 16. Ne4 Nxe4 17. Qxe4 Nc5 18. Qc2 Qb6 19. Nd4 Bf6 20. Nb5 Bxb2 21. Qxb2 Rd7 22. b4 Nd3 23. Qb3 Rad8 24. Nc3 axb4 25. Rab1 Qc6 26. axb4 Nf4 27. f3 Rd2 28. g3 Rg2+ 29. Kh1 Rdd2 0-1

[Event "Catalunya-chT Gp2 Final"]
[Site "Barcelona"]
[Date "2023.03.18"]
[Round "2.4"]
[White "Ribera Veganzones, Josep Maria"]
[Black "Ortin Blanco, Inigo"]
[Result "1/2-1/2"]
[WhiteElo "2221"]
[BlackElo "2286"]
[PlyCount "90"]
[EventDate "2023.03.11"]
[EventType "team-k.o."]
[EventRounds "4"]
[EventCountry "ESP"]
[SourceTitle "EXT 2024"]
[Source "ChessBase"]
[SourceDate "2023.10.10"]
[SourceVersion "1"]
[SourceVersionDate "2023.10.10"]
[SourceQuality "1"]
[WhiteTeam "Andorra"]
[BlackTeam "Mollet"]
[WhiteTeamCountry "AND"]
[BlackTeamCountry "ESP"]

1. e4 c5 2. Nf3 Nc6 3. d4 cxd4 4. Nxd4 Nf6 5. Nc3 d6 6. Bg5 Bd7 7. Qd2 a6 8. 0-0-0 e6 9. f4 Be7 10. Nf3 b5 11. Bxf6 gxf6 12. f5 Qb6 13. Kb1 0-0-0 14. a3 Kb8 15. Bd3 h5 16. Rhe1 Na5 17. Qe3 Qxe3 18. Rxe3 Rc8 19. g3 Nc4 20. Bxc4 Rxc4 21. e5 d5 22. exf6 Bxf6 23. Ne5 Bxe5 24. Rxe5 h4 25. fxe6 fxe6 26. Ne2 hxg3 27. hxg3 Kc7 28. Nf4 Kd6 29. Re2 Rg8 30. Rde1 Rxg3 31. Nxe6 Re4 32. Nd8 Bf5 33. Nf7+ Ke6 34. Ne5 Rg2 35. Nd3 Rgxe2 36. Rxe2 Rxe2 37. Nf4+ Ke5 38. Nxe2 d4 39. Kc1 d3 40. cxd3 Bxd3 41. Kd2 Bxe2 42. Kxe2 Kd4 43. Kd2 Kc4 44. Kc2 a5 45. a4 bxa4 1/2-1/2

[Event "Catalunya-chT Gp1"]
[Site "Barcelona"]
[Date "2023.01.28"]
[Round "2.5"]
[White "Ribera Veganzones, Josep Maria"]
[Black "Lerch Gallemi, Jose Maria"]
[Result "1-0"]
[WhiteElo "2194"]
[BlackElo "2161"]
[PlyCount "63"]
[EventDate "2023.01.21"]
[EventType "team-tourn"]
[EventRounds "7"]
[EventCountry "ESP"]
[SourceTitle "CBM 213 Extra"]
[Source "ChessBase"]
[SourceDate "2023.05.31"]
[SourceVersion "1"]
[SourceVersionDate "2023.05.31"]
[SourceQuality "1"]
[WhiteTeam "Andorra"]
[BlackTeam "Sant Cugat"]
[WhiteTeamCountry "AND"]
[BlackTeamCountry "ESP"]

1. e4 e5 2. Nf3 Qe7 3. Bc4 d6 4. 0-0 h6 5. Re1 Nf6 6. c3 g6 7. d4 Bg7 8. Nbd2 0-0 9. a4 Nh5 10. Nf1 c6 11. a5 Bg4 12. dxe5 dxe5 13. h3 Be6 14. Qb3 Nf4 15. Be3 g5 16. Ng3 g4 17. hxg4 Bxg4 18. Nf5 Bxf5 19. exf5 Qc7 20. Nd2 Nd7 21. Bxf4 exf4 22. Re7 Qd6 23. Rxf7 Rxf7 24. Bxf7+ Kh8 25. Nf3 Nc5 26. Qc4 Rf8 27. Nh4 Rd8 28. Ng6+ Kh7 29. Nxf4 Nd7 30. Bg6+ Kh8 31. Ne6 Ne5 32. Nxd8 1-0

[Event "Madrid Alcorcon op 1st"]
[Site "Madrid"]
[Date "2022.12.30"]
[Round "9"]
[White "Candela Perez, Jose"]
[Black "Ribera Veganzones, Josep Maria"]
[Result "1/2-1/2"]
[WhiteElo "2314"]
[BlackElo "2167"]
[PlyCount "54"]
[EventDate "2022.12.26"]
[EventType "swiss"]
[EventRounds "9"]
[EventCountry "ESP"]
[SourceTitle "CBM 212 Extra"]
[Source "ChessBase"]
[SourceDate "2023.03.31"]
[SourceVersion "1"]
[SourceVersionDate "2023.03.31"]
[SourceQuality "1"]

1. d4 Nf6 2. Nf3 g6 3. Bf4 Bg7 4. e3 0-0 5. h3 d6 6. Be2 Nc6 7. 0-0 Nd7 8. c4 e5 9. Bh2 exd4 10. exd4 Qf6 11. d5 Nd4 12. Nc3 Nxf3+ 13. Bxf3 Nc5 14. Nb5 Na6 15. Nc3 Nc5 16. Re1 Bd7 17. Bg4 Be8 18. Rc1 a5 19. b3 h5 20. Bf3 Bh6 21. Rc2 Bd7 22. Ne4 Nxe4 23. Bxe4 b6 24. Rce2 Rfe8 25. a3 Re7 26. Kh1 Rae8 27. Qd3 Kf8 1/2-1/2

[Event "Madrid Alcorcon op 1st"]
[Site "Madrid"]
[Date "2022.12.29"]
[Round "7"]
[White "Sierra Pena, Mario"]
[Black "Ribera Veganzones, Josep Maria"]
[Result "0-1"]
[WhiteElo "1580"]
[BlackElo "2167"]
[PlyCount "56"]
[EventDate "2022.12.26"]
[EventType "swiss"]
[EventRounds "9"]
[EventCountry "ESP"]
[SourceTitle "CBM 212 Extra"]
[Source "ChessBase"]
[SourceDate "2023.03.31"]
[SourceVersion "1"]
[SourceVersionDate "2023.03.31"]
[SourceQuality "1"]

1. e4 c5 2. c4 Nc6 3. Nc3 g6 4. d3 Bg7 5. Nge2 e5 6. g3 Nge7 7. Bg2 0-0 8. 0-0 d6 9. h3 Be6 10. g4 f5 11. gxf5 gxf5 12. exf5 Nxf5 13. f4 Nh4 14. Bd5 Qd7 15. Kh2 Ne7 16. Bxe6+ Qxe6 17. Qe1 Neg6 18. Nd5 Rf7 19. Ng3 Raf8 20. Qe4 Qd7 21. Rb1 exf4 22. Bxf4 Nxf4 23. Nxf4 Be5 24. Nge2 Ng6 25. Rg1 Bxf4+ 26. Nxf4 Rxf4 27. Qd5+ Qf7 28. Qxd6 Rf2+ 0-1

[Event "Madrid Alcorcon op 1st"]
[Site "Madrid"]
[Date "2022.12.27"]
[Round "3"]
[White "Gaibor Gallardo, Gonzalo"]
[Black "Ribera Veganzones, Josep Maria"]
[Result "0-1"]
[WhiteElo "2023"]
[BlackElo "2167"]
[PlyCount "108"]
[EventDate "2022.12.26"]
[EventType "swiss"]
[EventRounds "9"]
[EventCountry "ESP"]
[SourceTitle "CBM 212 Extra"]
[Source "ChessBase"]
[SourceDate "2023.03.31"]
[SourceVersion "1"]
[SourceVersionDate "2023.03.31"]
[SourceQuality "1"]

1. d4 Nf6 2. c4 g6 3. Nf3 Bg7 4. Nc3 0-0 5. e4 d6 6. Bg5 c5 7. Be2 cxd4 8. Nxd4 Nc6 9. 0-0 Qa5 10. Be3 Nxd4 11. Bxd4 Be6 12. Nd5 Bxd5 13. exd5 Rac8 14. a3 Nd7 15. b4 Qc7 16. Bxg7 Kxg7 17. Qd4+ Kg8 18. Qxa7 Nb6 19. Qa5 Nxc4 20. Qb5 Nd2 21. Rfe1 Ne4 22. Bg4 Nc3 23. Qd3 Qc4 24. Qxc4 Rxc4 25. h3 f5 26. Bf3 Kf7 27. Re3 Rfc8 28. Rae1 R8c7 29. g4 Rd4 30. gxf5 gxf5 31. Re6 Nxd5 32. Bxd5 Rxd5 33. Rh6 Kg7 34. Rhe6 Kf8 35. R1e3 f4 36. Rf3 Rc1+ 37. Kh2 Rf5 38. Rh6 Kg7 39. Re6 Rc7 40. h4 h5 41. Kg2 Kf7 42. Re2 e5 43. Rb3 Ke6 44. f3 Rf8 45. a4 Rc1 46. Kh2 Rfc8 47. a5 R8c2 48. Rxc2 Rxc2+ 49. Kg1 Ra2 50. Kf1 d5 51. Ke1 e4 52. fxe4 dxe4 53. Rc3 e3 54. Rc5 f3 0-1

[Event "Madrid Alcorcon op 1st"]
[Site "Madrid"]
[Date "2022.12.26"]
[Round "2"]
[White "Ribera Veganzones, Josep Maria"]
[Black "Ortega Sanchez Montanez, Marcos"]
[Result "1-0"]
[WhiteElo "2167"]
[BlackElo "1571"]
[PlyCount "57"]
[EventDate "2022.12.26"]
[EventType "swiss"]
[EventRounds "9"]
[EventCountry "ESP"]
[SourceTitle "CBM 212 Extra"]
[Source "ChessBase"]
[SourceDate "2023.03.31"]
[SourceVersion "1"]
[SourceVersionDate "2023.03.31"]
[SourceQuality "1"]

1. e4 c6 2. d4 d5 3. e5 c5 4. dxc5 Nc6 5. a3 e6 6. Nf3 Bxc5 7. b4 Bb6 8. Bb2 a6 9. Nbd2 Nge7 10. c4 Ng6 11. g3 Bc7 12. Qe2 dxc4 13. Nxc4 0-0 14. Bg2 Qe7 15. 0-0 Rd8 16. Rac1 Rb8 17. h4 Qf8 18. Qe4 h6 19. Rfd1 Rd7 20. Nfd2 Qd8 21. h5 Nge7 22. Qg4 Qf8 23. Ne4 Rxd1+ 24. Rxd1 b5 25. Ncd6 Bb7 26. Nf6+ Kh8 27. Nd7 Qg8 28. Nxb8 Qxb8 29. Nxf7+ 1-0

[Event "Olympiad-44"]
[Site "Chennai"]
[Date "2022.08.07"]
[Round "9.4"]
[White "Ribera Veganzones, Josep Maria"]
[Black "Postny, Evgeny"]
[Result "0-1"]
[WhiteElo "2228"]
[BlackElo "2564"]
[PlyCount "52"]
[EventDate "2022.07.29"]
[EventType "team-swiss"]
[EventRounds "11"]
[EventCountry "IND"]
[SourceTitle "CBM 210"]
[Source "ChessBase"]
[SourceDate "2022.10.31"]
[SourceVersion "1"]
[SourceVersionDate "2022.10.31"]
[SourceQuality "1"]
[WhiteTeam "Andorra"]
[BlackTeam "Israel"]
[WhiteTeamCountry "AND"]
[BlackTeamCountry "ISR"]

1. e4 c6 2. d4 d5 3. e5 Bf5 4. h4 Qb6 5. a4 a5 6. Nf3 e6 7. Bd3 Bg4 8. c3 c5 9. Bb5+ Nc6 10. Be3 Nh6 11. dxc5 Bxc5 12. Bxc5 Qxc5 13. Qd4 Qe7 14. Nbd2 0-0 15. Qe3 Bxf3 16. Nxf3 f6 17. exf6 Rxf6 18. 0-0 Nf5 19. Qe2 Qc5 20. Bxc6 bxc6 21. Qe5 Raf8 22. Rae1 Qc4 23. Nd4 Nxh4 24. Qg5 Nxg2 25. Rxe6 Nf4 26. Rxf6 Nh3+ 0-1

[Event "Olympiad-44"]
[Site "Chennai"]
[Date "2022.08.06"]
[Round "8.4"]
[White "Almeida Quintana, Omar"]
[Black "Ribera Veganzones, Josep Maria"]
[Result "0-1"]
[WhiteElo "2523"]
[BlackElo "2228"]
[PlyCount "118"]
[EventDate "2022.07.29"]
[EventType "team-swiss"]
[EventRounds "11"]
[EventCountry "IND"]
[SourceTitle "CBM 210"]
[Source "ChessBase"]
[SourceDate "2022.10.31"]
[SourceVersion "1"]
[SourceVersionDate "2022.10.31"]
[SourceQuality "1"]
[WhiteTeam "Cuba"]
[BlackTeam "Andorra"]
[WhiteTeamCountry "CUB"]
[BlackTeamCountry "AND"]

1. d4 Nf6 2. Nf3 g6 3. Bf4 Bg7 4. e3 0-0 5. h3 d6 6. Be2 Nc6 7. c3 Nd7 8. 0-0 e5 9. Bh2 e4 10. Nfd2 f5 11. c4 Nf6 12. Nc3 Ne7 13. b4 g5 14. c5 d5 15. Qb3 Ng6 16. f3 Kh8 17. fxe4 fxe4 18. Rxf6 Bxf6 19. Qxd5 Qe7 20. Qxe4 c6 21. Bd6 Qxe4 22. Ndxe4 Be7 23. Bh5 g4 24. hxg4 Rf7 25. Bxg6 hxg6 26. g5 Bf5 27. Rf1 Kg8 28. Nf6+ Bxf6 29. gxf6 Re8 30. Be7 Rh7 31. Rf4 Kf7 32. g4 Bd3 33. e4 Reh8 34. Rf3 Rh1+ 35. Kf2 Rf1+ 36. Ke3 Rxf3+ 37. Kxf3 Rh3+ 38. Kf4 Bc4 39. Nd1 Be2 40. Nb2 Ra3 41. d5 Rxa2 42. d6 Ke6 43. d7 Kxd7 44. Bd6 Ke6 45. Be5 Ra3 46. Bd4 Rf3+ 47. Kg5 Rg3 48. Kf4 Rxg4+ 49. Ke3 Bb5 50. Kf3 Rh4 51. Bf2 Rh1 52. Bd4 g5 53. Kg4 Re1 54. Kxg5 Rxe4 55. Bc3 Be2 56. Na4 Rg4+ 57. Kh6 Bb5 58. Nb2 Rg3 59. Bd4 Kf7 0-1

[Event "Olympiad-44"]
[Site "Chennai"]
[Date "2022.08.03"]
[Round "6.4"]
[White "Ribera Veganzones, Josep Maria"]
[Black "Ilkhomi, Jaloliddin"]
[Result "1/2-1/2"]
[WhiteElo "2228"]
[BlackElo "2076"]
[PlyCount "60"]
[EventDate "2022.07.29"]
[EventType "team-swiss"]
[EventRounds "11"]
[EventCountry "IND"]
[SourceTitle "CBM 210"]
[Source "ChessBase"]
[SourceDate "2022.10.31"]
[SourceVersion "1"]
[SourceVersionDate "2022.10.31"]
[SourceQuality "1"]
[WhiteTeam "Andorra"]
[BlackTeam "Tajikistan"]
[WhiteTeamCountry "AND"]
[BlackTeamCountry "TJK"]

1. e4 e6 2. d4 d5 3. Nd2 Nf6 4. e5 Nfd7 5. Bd3 c5 6. c3 b6 7. Nh3 Ba6 8. Bxa6 Nxa6 9. Nf3 cxd4 10. cxd4 Bb4+ 11. Bd2 0-0 12. 0-0 Bxd2 13. Qxd2 Qe7 14. a3 Rfc8 15. Qd3 Nab8 16. Rfc1 Nc6 17. b4 Nf8 18. Rc3 Qd7 19. Rac1 Ne7 20. Nf4 Rxc3 21. Rxc3 Rc8 22. h4 Rxc3 23. Qxc3 Qc6 24. Ne2 Qxc3 25. Nxc3 a6 26. b5 axb5 27. Nxb5 Nc6 28. Kf1 f6 29. exf6 gxf6 30. Ke2 h5 1/2-1/2

[Event "Catalunya-chT Gp1"]
[Site "Barcelona"]
[Date "2022.03.19"]
[Round "9.8"]
[White "Ribera Veganzones, Josep Maria"]
[Black "Hapala, Elisabeth"]
[Result "1-0"]
[WhiteElo "2228"]
[BlackElo "2124"]
[PlyCount "147"]
[EventDate "2022.01.22"]
[EventType "team-tourn"]
[EventRounds "9"]
[EventCountry "ESP"]
[SourceTitle "CBM 208 Extra"]
[Source "ChessBase"]
[SourceDate "2022.07.31"]
[SourceVersion "1"]
[SourceVersionDate "2022.07.31"]
[SourceQuality "1"]
[WhiteTeam "Geva CEA"]
[BlackTeam "Badalona Cor de Marina"]
[WhiteTeamCountry "ESP"]
[BlackTeamCountry "ESP"]

1. e4 c5 2. Nf3 e6 3. b3 a6 4. c4 Nc6 5. Bb2 Qc7 6. Be2 Nf6 7. Nc3 Nd4 8. 0-0 Bd6 9. h3 Nxf3+ 10. Bxf3 Be5 11. g3 Bd4 12. Na4 Qxg3+ 13. Bg2 Qf4 14. Bxd4 cxd4 15. Nc5 Qg5 16. b4 d6 17. f4 Qg6 18. f5 Qg5 19. e5 dxe5 20. Qa4+ Ke7 21. Rae1 Bd7 22. Nxd7 Nxd7 23. fxe6 fxe6 24. Rf7+ Kxf7 25. Qxd7+ Kg6 26. h4 Rad8 27. Qxb7 Qxh4 28. Rxe5 Rde8 29. Re4 Qf6 30. Qc7 h5 31. Rf4 Qe7 32. Qe5 Rhf8 33. Rxd4 Kh6 34. c5 Rf5 35. Qe4 g6 36. c6 Ref8 37. Rd7 Qf6 38. c7 Rf4 39. Qe3 g5 40. d4 Qf5 41. Qe1 Rf2 42. Qe4 Rxg2+ 43. Qxg2 Qb1+ 44. Kh2 Qe1 45. Rf7 Rxf7 46. c8Q Qh4+ 47. Kg1 Qe1+ 48. Kh2 Qh4+ 49. Kg1 Qxd4+ 50. Kh2 Qh4+ 51. Kg1 Qe1+ 52. Kh2 Qe5+ 53. Kh1 Rc7 54. Qf8+ Kh7 55. Qff1 Rc3 56. Qd1 Kg6 57. Qdd2 Rg3 58. Qge2 Rh3+ 59. Kg1 Rg3+ 60. Kf2 Qxe2+ 61. Qxe2 h4 62. Qxe6+ Kh5 63. Qe2+ Kg6 64. Qxa6+ Kf5 65. b5 Rg4 66. Qc8+ Kf4 67. Qc7+ Kf5 68. Qd7+ Kf4 69. b6 h3 70. Qd4+ Kf5 71. Qd3+ Re4 72. Qxh3+ g4 73. Qh7+ Kf4 74. Qxe4+ 1-0

[Event "Catalunya-chT Gp1"]
[Site "Barcelona"]
[Date "2022.02.05"]
[Round "3.8"]
[White "Rojano Cano, Francisco Jose"]
[Black "Ribera Veganzones, Josep Maria"]
[Result "0-1"]
[WhiteElo "2042"]
[BlackElo "2228"]
[PlyCount "64"]
[EventDate "2022.01.22"]
[EventType "team-tourn"]
[EventRounds "9"]
[EventCountry "ESP"]
[SourceTitle "CBM 206 Extra"]
[Source "ChessBase"]
[SourceDate "2022.03.31"]
[SourceVersion "1"]
[SourceVersionDate "2022.03.31"]
[SourceQuality "1"]
[WhiteTeam "Gramenet"]
[BlackTeam "Geva CEA"]
[WhiteTeamCountry "ESP"]
[BlackTeamCountry "ESP"]

1. e4 c5 2. Nf3 Nc6 3. Nc3 e5 4. Be2 d6 5. 0-0 Be7 6. Nd5 Nf6 7. Nxf6+ Bxf6 8. d3 0-0 9. Be3 Be7 10. Ne1 d5 11. exd5 Qxd5 12. Bf3 Qd6 13. Bxc6 Qxc6 14. f4 exf4 15. Bxf4 Bf6 16. c3 Bf5 17. Qf3 Qxf3 18. Rxf3 Bg6 19. g4 Rfe8 20. Be3 Re5 21. d4 Re4 22. dxc5 Rae8 23. Ng2 Rxg4 24. Rg3 Rge4 25. c6 b6 26. Rd1 Be5 27. Bf4 Bxf4 28. Nxf4 Rxf4 29. Re3 Rfe4 30. Rxe4 Bxe4 31. c7 Bf5 32. Rd8 Kf8 0-1

[Event "La Pobla de Lillet op-A 30th"]
[Site "La Pobla de Lillet"]
[Date "2021.08.10"]
[Round "9"]
[White "Ribera Veganzones, Josep Maria"]
[Black "Palacios Herrero, Pablo"]
[Result "1/2-1/2"]
[WhiteElo "2101"]
[BlackElo "2245"]
[PlyCount "104"]
[EventDate "2021.08.02"]
[EventType "swiss"]
[EventRounds "9"]
[EventCountry "ESP"]
[SourceTitle "EXT 2022"]
[Source "ChessBase"]
[SourceDate "2021.10.06"]
[SourceVersion "1"]
[SourceVersionDate "2021.10.06"]
[SourceQuality "1"]

1. e4 e5 2. Nc3 Nf6 3. Bc4 Bb4 4. Nge2 0-0 5. d3 d5 6. exd5 Nxd5 7. 0-0 Be6 8. Nxd5 Bxd5 9. Bxd5 Qxd5 10. a3 Be7 11. Nc3 Qd7 12. Be3 Nc6 13. Qd2 Rad8 14. f4 f5 15. Rad1 Bf6 16. Ne2 Rfe8 17. fxe5 Nxe5 18. Bf4 Nc4 19. Qb4 Nxb2 20. Rd2 c5 21. Qb3+ Kh8 22. Rb1 Re6 23. d4 Rb6 24. Qa2 Na4 25. Rxb6 axb6 26. dxc5 Qe8 27. Rxd8 Qxd8 28. cxb6 Qxb6+ 29. Kh1 h6 30. h3 Qf2 31. Qc4 Nb6 32. Qd3 Nd5 33. Bg3 Qf1+ 34. Kh2 Ne7 35. a4 Nc6 36. Qe3 Qd1 37. Nc3 Qd4 38. Qxd4 Nxd4 39. Nb5 Nxc2 40. Nd6 Ne3 41. Kh1 b6 42. Bf2 f4 43. g3 g5 44. gxf4 gxf4 45. Bxe3 fxe3 46. Kg2 Kh7 47. Kf3 Kg6 48. Kxe3 Kh5 49. Nc4 Kh4 50. Nxb6 Kxh3 51. Kf3 Bc3 52. Nc4 Kh4 1/2-1/2